[Event "Bonn GSK"]
[Site "Bonn"]
[Date "1996.??.??"]
[Round "?"]
[White "Ruzele, Darius"]
[Black "Miezis, Normunds"]
[Result "1-0"]
[WhiteElo "2520"]
[BlackElo "2530"]
[Annotator "Stohl,I"]
[PlyCount "79"]
[EventDate "1996.08.??"]
[EventType "tourn"]
[EventRounds "12"]
[EventCountry "GER"]
[EventCategory "12"]
[SourceTitle "CBM 056"]
[Source "ChessBase"]
[SourceDate "1997.02.01"]
[SourceVersion "1"]
[SourceVersionDate "1997.02.01"]
[SourceQuality "1"]

1. d4 Nf6 2. c4 e6 3. Nc3 (3. Nf3 {Against 3.Nf3 the "Snake Benoni" is
practically unplayable, as Miezis already found out:} c5 4. d5 exd5 5. cxd5 Bd6
$6 6. Bg5 $1 Bc7 7. d6 Ba5+ 8. Nbd2 $1 h6 9. Bh4 g5 10. Bg3 Nc6 (10... Ne4 11.
Qc2 f5 12. O-O-O Nxd2 13. Nxd2 f4 14. Qg6+ Kf8 15. Nc4 fxg3 16. Rd5 $18) 11. e3
Ne4 12. Qc2 Nxg3 13. hxg3 Qf6 14. O-O-O Bxd2+ 15. Rxd2 b6 16. Rd5 Bb7 17. Qe4+
Kd8 18. Rf5 Qg7 19. Nxg5 $1 $18 {Chernin,A-Miezis,N/Biel op/1994/}) 3... c5 4.
d5 exd5 5. cxd5 Bd6 6. Nf3 Bc7 (6... O-O 7. Bg5 Bc7 8. d6 Ba5 9. Rc1 Nc6 10. e3
Qb6 11. Bxf6 Qxb2 12. Rc2 Qa3 13. Nd2 gxf6 14. Qg4+ Kh8 15. Qf5 Rg8 16. Qxf6+
Rg7 17. Nd5 b5 18. h4 c4 19. h5 Bd8 {Notkin,M-Vasiukov,E/RUS-ch Elista/1996/}
20. Qa1 $5 h6 21. Ne4 $36) 7. Bg5 (7. e4 d6 8. Bg5 h6 9. Bh4 O-O 10. Be2 Re8
11. Nd2 Nbd7 12. O-O Nf8 13. f4 Ba5 14. Bf3 Ng6 15. Bg3 a6 16. a4 Rb8 17. Re1
b5 18. axb5 axb5 19. e5 Bxc3 20. bxc3 dxe5 21. fxe5 Nxd5 22. Ne4 Be6 23. c4
bxc4 24. Nd6 Nb4 25. Nxe8 Qxe8 $44 {Mikhalevski,A-Uritzky,M/ISR-ch Jerusalem/
1996/}) 7... d6 8. e3 O-O 9. Be2 a6 (9... Re8 10. Nd2 Nbd7 11. O-O a6 12. a4
Rb8 13. Qc2 h6 14. Bh4 Qe7 15. a5 Nf8 16. Nc4 Ng6 17. Bg3 Ng4 18. h3 N4e5 19.
Nd2 f5 20. f4 Nf7 21. Nc4 Bd7 22. Bd3 Qf6 23. e4 Ne7 24. Rad1 Bb5 25. e5 Qg6
26. Kh2 Bxc4 27. Bxc4 Bxa5 28. Bh4 b5 29. Ba2 c4 30. e6 b4 $132 {Zagorskis,
D-Miezis,N/Bonn GSK-3 Bad Godesburg/1996/}) 10. a4 Nbd7 11. Nd2 Re8 (11... Rb8
$142) 12. O-O (12. Nc4 Rb8 13. Bf4 $5 (13. a5 Ne5 $132) 13... Nf8 14. a5 $36)
12... h6 {Using his experience from this game, Miezis improves the line in a
later encounter. The difference in 12...Rb8!? is White can't put his N on c4
now without allowing b5.} (12... Rb8 $5 13. Qc2 h6 14. Bh4 Qe7 15. h3 Ba5 16.
Rad1 Bxc3 17. bxc3 b5 18. axb5 axb5 19. e4 Ne5 20. Bg3 Ng6 21. Rde1 c4 22. f4
Ra8 23. Bf3 Ra5 24. Kh1 Nd7 25. Bh5 Bb7 $13 {Stern,R-Miezis,N/Schoeneck/1996/})
13. Bh4 Nf8 (13... Rb8 $142 $1) 14. Nc4 $1 $36 Bd7 15. Qb3 Rb8 (15... b5 16.
axb5 axb5 17. Nxb5 $1 (17. Rxa8 Qxa8 18. Nxb5 Bxb5 19. Qxb5 Nxd5 20. Bf3 Rb8 $1
$15) 17... Rb8 (17... Rxa1 18. Rxa1 Qb8 19. Bxf6 gxf6 20. Nca3 $16) 18. Nca3
$16) 16. a5 $1 {[%csl Gd5,Ge3,Rd6] ()><d6[+] Now Black is devoid of effective
counterplay and White plays in the center.} Ng6 17. Bg3 Bg4 (17... Qe7 18. Rfe1
$16) 18. Qd1 $1 Bxe2 19. Qxe2 Qd7 (19... Ne4 20. Nxe4 Rxe4 21. f3 Re8 22. e4
$36) 20. h3 (20. Qd3 $6 Nh5 $14) 20... Ne7 21. Qd3 Nh5 22. Bh2 {[%cal Ye3e5,
Yf2f4] /\e4,f4,e5} f5 $5 23. Rfb1 $1 {[%cal Rb2b4] /\b4|^ White can play on th
whole board. Now he switches his attention to the Q-side.} Nc8 (23... Nf6 $5
24. b4 cxb4 25. Rxb4 Qd8 $16) 24. b4 cxb4 (24... b5 25. axb6 Nxb6 26. bxc5 Nxc4
27. Qxc4 $18) 25. Rxb4 Nf6 26. Rab1 Ne4 (26... Bd8 27. Nd2 {[%csl Rb7,Re6,Rf5]
[%cal Rd2f3,Rf3d4] /\Nf3-d4,><e6,f5,b7}) 27. Nxe4 (27. Rxb7 $2 Nc5 $19) 27...
fxe4 (27... Rxe4 28. Rxb7 $18) 28. Qb3 Na7 29. Na3 $1 {[%cal Rb4b7] Prevents
Nb5 and threatens Rb7 at the same time.} (29. Rxb7 $2 Rxb7 30. Qxb7 Rb8 $13)
29... Qf5 (29... Bxa5 30. Rxb7 Rxb7 31. Qxb7 {[%csl Ra6,Rd6,Re4] ><a6,d6,e4}
Qxb7 32. Rxb7 Nb5 33. Nxb5 axb5 34. Bxd6 Rd8 35. Rxb5 $18) 30. Qc2 $1 (30. Rxb7
$6 Nb5 $16) 30... Bxa5 31. Rxb7 $18 Rbc8 (31... Rxb7 32. Rxb7 Rc8 33. Qd1 (33.
Qb1 Bd2 $5 $16) 33... Rc7 34. Rb8+ Kh7 35. Bxd6 Rd7 36. Nc4 Nb5 37. Be5 $18)
32. Qa2 Rc7 $8 33. Bxd6 Rd7 34. Bg3 (34. Nc4 $5 $18) 34... Kh7 (34... Nc8 35.
d6+ Kh7 36. Rxd7 Qxd7 37. Nc4 $18) 35. Nc4 Bd8 36. Nd6 Rxd6 $8 37. Bxd6 Nb5 38.
Bb4 Bf6 39. Qxa6 Qxd5 $2 (39... Nc3 40. Bxc3 Bxc3 41. Qc4 $18) 40. Rxb5 1-0

[Event "Rubinstein Memorial 33rd"]
[Site "Polanica Zdroj"]
[Date "1996.??.??"]
[Round "5"]
[White "Nikolic, Predrag"]
[Black "Rogers, Ian"]
[Result "1/2-1/2"]
[WhiteElo "2670"]
[BlackElo "2575"]
[Annotator "Stohl,I"]
[PlyCount "165"]
[EventDate "1996.08.15"]
[EventType "tourn"]
[EventRounds "11"]
[EventCountry "POL"]
[EventCategory "15"]
[SourceTitle "CBM 055"]
[Source "ChessBase"]
[SourceDate "1996.12.01"]
[SourceVersion "1"]
[SourceVersionDate "1996.12.01"]
[SourceQuality "1"]

1. d4 {Hecht} c5 2. d5 e6 3. c4 exd5 4. cxd5 Bd6 $6 {The "Snake Benoni" is a
rather dubious opening, but White must react energetically, as in e.g.
Piket-Adams or Vaiser-Gruenberg, otherwise Black gets a playable position.} 5.
Nc3 Nf6 6. Nf3 (6. Bg5 Bc7 7. e4 O-O 8. Bd3 h6 9. Bh4 Re8 10. Nge2 d6 11. O-O
a6 12. a4 Nbd7 13. f4 Nf8 14. h3 Ng6 15. Bg3 Rb8 16. b3 Qd7 17. Bh2 b5 18. axb5
axb5 19. Qc2 Re7 20. Kh1 Qe8 21. Ng3 h5 22. Qe2 c4 23. bxc4 bxc4 24. Bc2 Rb2
25. Ra8 h4 26. Nf5 Bxf5 $5 $44 {Arbakov,V-Miezis,N/Schwaebisch Gmuend op/1996/}
) (6. g3 O-O 7. Bg2 Bc7 (7... Re8 $6 8. Nf3 Bc7 9. d6 Ba5 10. Nd2 $1 Nc6 11.
O-O Bxc3 12. bxc3 Rb8 13. e4 b5 14. f4 h6 15. e5 Nh7 16. Bd5 c4 17. Ne4 Qb6+
18. Rf2 Nf8 19. Nf6+ gxf6 20. Qg4+ Kh8 21. Bxf7 Nh7 22. Bxe8 fxe5 23. Bg6 Qc5
24. Qf5 {1-0/Nasibullin,V-Miezis/Leningrad-chT/1989/}) 8. Nh3 d6 9. O-O a6 10.
a4 Re8 11. Qd3 Nbd7 12. f4 Rb8 13. Nf2 Ba5 14. g4 c4 15. Qxc4 Nb6 16. Qd4 Bxc3
17. bxc3 Nxg4 18. e4 Nxf2 19. Rxf2 Qc7 20. Bf1 f6 21. Ba3 Bd7 22. Rg2 Kh8 23.
a5 Na4 24. Bb4 Rbc8 25. Re1 Nc5 26. Re3 Nb3 27. Qb6 $1 $16 {[%csl Gb4,Gc3,Gd5,
Ge4,Gf1] ^^_|_[+],Gyimesi,Z-Raudive,A/Pardubice op/1996/}) 6... Bc7 (6... a6 7.
a4 O-O 8. g3 (8. Bg5 Bc7 9. e3 h6 10. Bh4 d6 11. Be2 Nbd7 12. O-O Re8 13. Nd2
Rb8 14. Bg3 Ne5 15. Bxe5 Rxe5 16. Nc4 Re8 17. a5 Bd7 18. Qb1 Bb5 19. b4 Bxc4
20. Bxc4 Qe7 21. h3 Ne4 22. Nxe4 Qxe4 23. Qxe4 Rxe4 24. Rfc1 cxb4 25. Bd3 Re7
$10 {Leyva,H-Bellon Lopez,J/Capablanca mem-B/1996/}) 8... Bc7 9. d6 $1 Ba5 10.
Nd2 $5 b5 11. Bg2 Nc6 12. O-O Rb8 13. Nde4 Nxe4 14. Nxe4 c4 15. axb5 axb5 16.
Qd5 Qe8 17. Bh3 Bd8 18. Bd2 Kh8 19. Nc5 Bb6 20. Rfe1 f6 21. Kf1 Ne5 22. Bg2 Qh5
23. h3 Qf7 24. Na6 $16 {Vaiser,A-Gruenberg,HU/Tallin/1986/}) (6... Be7 $6 7. e3
O-O 8. Bd3 d6 9. h3 a6 10. a4 Nbd7 11. O-O Re8 12. Re1 Rb8 13. e4 Nf8 14. Bf4
Ng6 15. Bh2 Nd7 16. Qd2 Nde5 17. Nxe5 dxe5 18. Rec1 Bd6 19. Ne2 Bd7 20. a5 Qf6
21. Bc4 Nf4 22. Ra3 g5 23. Rb3 Kh8 24. Rb6 Rg8 25. Rc3 Rg6 26. Rcb3 $16 {
Sitnik,I-Savchenko,S/Bled op/1996/}) (6... O-O 7. g3 Re8 8. Bg2 Bc7 9. O-O (9.
d6 $5) 9... d6 10. Nd2 a6 11. b3 Nbd7 12. Bb2 Rb8 13. Qc2 b5 14. e4 Bb6 15. a4
c4 16. bxc4 b4 17. Ne2 Ng4 18. Nd4 Qg5 19. a5 Bc5 20. h3 Nge5 21. N2b3 Ba7 22.
Nf5 Nf6 23. Nbd4 Bxf5 24. Nxf5 Bc5 25. Bd4 $16 {Lyrberg,P-Summermatter,D/Bern
Rehhag cup/1996/}) 7. g3 (7. g4 $142 $5 Ba5 (7... d6 8. g5 Nfd7 9. h4 a6 10. a4
Qe7 11. Bh3 O-O 12. Qd3 Ne5 13. Nxe5 Qxe5 14. a5 Qd4 15. Qg3 Qb4 16. h5 Nd7 17.
g6 $40 {Piket,J-Adams,M/Groningen/1995/}) 8. Qd3 Qe7 9. Bd2 O-O 10. g5 (10. d6
$1 $36) 10... Bxc3 11. Bxc3 Ne4 12. Be5 Nxg5 13. Nxg5 Qxg5 14. Bd6 Re8 15. Bxc5
Na6 16. Bd6 b6 17. Qg3 Qf6 18. O-O-O Nc5 19. f3 Na4 20. Rd2 Ba6 21. Qf4 Rac8+
22. Kd1 Nxb2+ 23. Ke1 Rc1+ 24. Kf2 Nd1+ {0-1/Blees,A-Miezis,N/Antwerp op/1996/}
) (7. e4 d6 8. Be2 (8. h3 O-O (8... a6 9. a4 O-O 10. Bg5 h6 11. Bh4 Re8 12. Bd3
Nbd7 13. O-O Nf8 14. Nd2 Ng6 15. Bg3 Rb8 16. f4 Bd7 17. Qf3 b5 18. b3 Ba5 19.
Rac1 c4 20. bxc4 Bb6+ 21. Kh1 b4 22. Na2 b3 23. Nxb3 Bxa4 24. Rb1 $16 {Khoze,
E-Freeman,M/Melbourne Masters/1996/}) 9. Bd3 Re8 (9... a6 10. O-O Nbd7 11. Re1
Re8 12. a3 b5 13. Bf4 Bb7 14. b4 Rc8 15. Qb1 cxb4 16. axb4 Bb6 17. Nd1 Nf8 18.
Ne3 Ng6 19. Bh2 Nh5 20. Nf5 Nhf4 21. Bf1 Qf6 22. Ra3 Red8 23. Rd1 Rd7 24. N3d4
Qd8 25. Qa1 Nh5 26. Nc6 Qf8 27. Rxa6 $1 $16 {Tukmakov,V-Mazi,L/Bled op/1996/})
10. O-O a6 11. a3 Nbd7 12. b4 b5 13. Bg5 h6 14. Bf4 Nh5 15. Bh2 c4 16. Bc2 Qf6
17. Ne2 Ne5 18. Nfd4 Bb6 19. f4 Nd3 20. e5 dxe5 21. fxe5 Qh4 $19 {Tihonov,
J-Mochalov,E/BLR-ch Minsk/1996/}) 8... O-O 9. Bg5 a6 10. a4 Nbd7 11. O-O Re8
12. Nd2 Nf8 13. f3 Ng6 14. Nc4 Bd7 15. Qb3 h6 16. Bxf6 Qxf6 17. Qxb7 Rec8 18.
Qb3 Nf4 19. g3 Rab8 20. Qd1 Nxe2+ 21. Qxe2 Qd4+ 22. Kh1 Rb4 23. Ne3 Rb3 24.
Rfd1 Qf6 25. Nc4 $14 {Hamann,S-Hartvig,O/Copenhagen City-ch/1996/}) 7... d6 8.
Bg2 O-O 9. O-O a6 10. a4 Nbd7 11. Qc2 (11. e4 Re8 12. Re1 Rb8 13. Bf1 Nf8 14.
Nd2 Ng6 15. Rb1 Bd7 16. b4 cxb4 17. Rxb4 Bb6 18. h3 Bc5 19. Rb3 Qc8 20. g4 Bxg4
21. hxg4 Nxg4 22. Re2 Nf4 23. Nc4 Nxe2+ 24. Qxe2 Nxf2 $17 {Danailov,S-Lima,D/
Leon-B/1996/}) (11. b3 $5 Re8 (11... Rb8 12. Qd3 Re8 13. Bb2 Ba5 14. Nd1 Ng4
15. h3 Nge5 16. Qc2 Nxf3+ 17. exf3 b5 18. axb5 axb5 19. Ne3 Nf8 20. Ra2 Qc7 21.
Rfa1 Bb6 22. Qc3 f6 23. Qd2 Bd7 24. Bc3 Qb7 25. Ng4 Ng6 26. f4 Ra8 27. b4 $14 {
Pekarek,A-Danner,G/Bohemians/1987/}) 12. Bb2 Rb8 13. Nd2 Ne5 14. h3 Bd7 15. f4
Ng6 16. e4 b5 17. axb5 axb5 18. e5 $1 dxe5 19. f5 Ne7 20. d6 Nxf5 21. dxc7 Qxc7
22. Nde4 Nxe4 23. Nxe4 Ne3 24. Qh5 Nxf1 25. Rxf1 $40 {Vokac,M-Danner,G/
Bohemians Prague/1987/}) 11... Rb8 12. Rd1 $5 $146 (12. Nh4 Re8 13. b3 Nf8 14.
Bb2 Bd7 15. Rac1 b5 16. axb5 axb5 17. Nd1 Ng6 18. Nxg6 hxg6 19. e4 Bb6 20. h3
Qe7 21. Kh2 Rbc8 22. f3 c4 23. b4 Nh5 24. f4 Kh7 25. Bf3 Rh8 $1 26. Bxh5 Kg8
27. Qc3 f6 $17 {Szypulski,A-Miezis,N/Porz-op28/1992/}) 12... Re8 (12... b5 13.
axb5 axb5 14. b4 $5 (14. e4 Re8 $132) 14... cxb4 15. Na2 Ba5 $8 16. Bd2 b3 (
16... Bb7 17. Nxb4 $16) (16... Nxd5 17. Ng5 N5f6 18. Nxb4 $36) 17. Qxb3 Nc5 18.
Qa3 $14 {[%csl Rc6][%cal Ra2b4] ><c6,/\Nb4}) 13. h3 h6 (13... b5 $5 $13) 14.
Rb1 Ne5 (14... b5 15. axb5 axb5 16. b4 $36) 15. Nxe5 Rxe5 16. e4 Re8 17. Be3
Bd7 $13 18. f3 $6 (18. b4 cxb4 19. Rxb4 Ba5 $36) (18. f4 $142 $13 {[%csl Gd5,
Ge4][%cal Ye4e5] /\e5[+]}) 18... Ba5 19. Na2 (19. Ne2 b5 $15) 19... Qe7 $1 (
19... b5 20. axb5 axb5 21. b4 $14) 20. Bf2 Rec8 21. Bf1 Qe8 22. b3 Nh7 {
[%cal Rh7g5] /\Ng5} 23. h4 (23. f4 $5 $132) 23... Nf8 24. Be1 Bxe1 25. Rxe1 b5
26. axb5 Bxb5 $1 (26... axb5 27. b4 $13) 27. Bh3 Bd7 $15 28. Bg2 (28. Bxd7 Nxd7
{[%csl Rf3,Rg3,Rh4] ׻}) 28... f6 $6 (28... Qe5 $5 29. f4 (29. Kh2 g5 $1 $36)
29... Qd4+ 30. Kh2 Bg4 {[%csl Rb3][%cal Ya6a5,Yc5c4,Yb8b7,Yc8b8] /\a5,c4;Rb7,
Rcb8><b3} 31. Bh3 Bxh3 32. Kxh3 Nd7 33. Rbd1 Qf6 $15) 29. Qd2 $1 Qe5 (29... Rb6
$142) 30. f4 Qd4+ 31. Qxd4 cxd4 32. Rb2 $132 {[%csl Rd4] ><d4} (32. Red1 $2 Rc2
) 32... Bg4 33. Reb1 Nd7 34. Rd2 a5 $2 (34... Rc4 $1 35. Rdb2 (35. Rbb2 Rc3 $1
$36) (35. Kh2 Nc5 36. bxc4 Rxb1 37. Rxd4 Rb2 $19) (35. Bf1 Ra4 36. Nc1 Nc5 $36)
35... Rc7 36. Rd2 Rc4 $10 (36... Nc5 37. Nc1 $13)) 35. Rxd4 Rc2 36. Ra4 Nb6 37.
Rxa5 $16 Nc4 38. Ra4 Ne3 39. Bh1 Bd7 40. Ra7 Rbc8 {Black's activity doesn't
give him sufficient compensation for two pawns.} 41. Re1 Ng4 42. Bf3 h5 43. Be2
Be8 44. Bc4 Bg6 45. Ra4 Be8 46. Ra6 Nh2 (46... Bg6 $142 $5 $16) 47. Re3 $1 Ng4
48. Rc3 Rd2 49. Rd3 Rc2 50. Nb4 Re2 51. Rxd6 $18 {[%csl Gb3,Gd5,Ge4] Now White
is three (!) o^ up and Black's tactical chances are clearly insufficient.} Bb5
(51... Rxe4 52. Re6 $18 {Black at least tries to avoid exchanging his active R.
}) 52. Nc6 (52. Bxb5 $4 Rc1+ $19) 52... Bxc4 (52... Ra8 53. Rd8+ Rxd8 54. Nxd8
$18) 53. bxc4 Kh7 54. Rd8 Rc7 55. Re8 Rb7 56. Rb8 Rd7 57. Rd8 Rb7 58. Rb8 Rd7
59. Rd4 g5 $5 60. hxg5 fxg5 61. e5 Rg7 62. fxg5 (62. f5 $1 Nxe5 63. Nxe5 Ra7
64. Rd1 Rxe5 65. d6 Rd7 66. Rc8 {[%cal Rc8c7,Rc4c6] /\c5-c6,Rc7+-}) 62... Rxg5
63. Rb7+ Kh6 64. Rf4 h4 (64... Nxe5 65. Kf1 $5 Rc2 66. Rf6+ Rg6 (66... Ng6 67.
Ne7 $18) 67. Rxg6+ Nxg6 68. d6 $18) 65. Nd4 $1 Re1+ (65... Rexe5 66. Nf3 $18)
66. Kg2 hxg3 67. Nf5+ Rxf5 68. Rxf5 $4 (68. Rxg4 Rfxe5 69. Kxg3 $18) 68... Ne3+
69. Kxg3 Nxf5+ {By constantly irritating White Black has gained a piece, now
he has to fight against three united passed pawns.  [#] Hecht kein
harmonisches Zusammenspiel von wK und T mit den verbundenen Freibauern
Abdrängen des wK; Taktik} 70. Kf4 Rf1+ 71. Ke4 Kg5 $1 $10 72. d6 Rd1 {[%cal
Rd1d4,Rd4c4] /\Rd4-c4} 73. c5 Rd4+ 74. Kf3 Rd3+ 75. Kf2 (75. Ke2 Re3+ 76. Kd2
Rxe5 77. d7 Rd5+ $10) 75... Rd2+ 76. Kf1 (76. Ke1 {Hecht} Rd5 77. Kf2 Rd2+ 78.
Kf1 Rd1+ 79. Ke2 Rd5 80. d7 Nd4+ 81. Ke3 Ne6 82. Ke4 (82. c6 Rxe5+ 83. Kf2 Rf5+
84. Kg1 Rf8 85. c7 Nxc7 86. Rxc7 Rd8 $10) 82... Rxd7 $1 83. Rxd7 Nxc5+ 84. Ke3
Nxd7 85. e6) 76... Rd1+ 77. Ke2 Rd5 $1 78. d7 Nd4+ 79. Ke3 Ne6 80. Ke4 Rxd7 $1
81. Rxd7 (81. c6 Rxb7 82. cxb7 Nc5+ $10) 81... Nxc5+ 82. Ke3 Nxd7 {Black's
agile pieces managed to disarm the dangerous pawns. An unbelievable save!} 83.
e6 1/2-1/2

[Event "FRA-ch Prelim Gr-A"]
[Site "Besancon"]
[Date "1999.08.22"]
[Round "7"]
[White "Lautier, Joel"]
[Black "Degraeve, Jean Marc"]
[Result "1-0"]
[WhiteElo "2638"]
[BlackElo "2542"]
[Annotator "Stohl,I"]
[PlyCount "55"]
[EventDate "1999.08.16"]
[EventType "tourn"]
[EventRounds "7"]
[EventCountry "FRA"]
[EventCategory "11"]
[SourceTitle "CBM 073"]
[Source "ChessBase"]
[SourceDate "1999.12.01"]
[SourceVersion "1"]
[SourceVersionDate "1999.12.01"]
[SourceQuality "1"]

1. d4 Nf6 2. c4 e6 3. Nc3 c5 4. d5 exd5 5. cxd5 Bd6 {After it's main
practitioner Miezis gave it up, the "Snake" starts to appear in French chess
circles.} 6. Bg5 O-O 7. Nf3 Re8 (7... Bc7 $6 8. d6 Ba5 9. e4 $1 $36) 8. e3 (8.
Nd2 $5 Be7 9. Bf4 d6 10. e4 $14 {[+]}) 8... Bc7 (8... a6 9. a4 Bf8 10. Bd3 d6
11. h3 h6 12. Bh4 g5 13. Bg3 Nh5 14. Bh2 f5 15. O-O Ng7 16. Nd2 Nd7 17. Nc4 Nb6
18. Na3 Bd7 19. a5 Nc8 20. Nc4 $14 {Lorscheid,G-Bezold,M/BL2-S9596/1996/}) 9.
d6 $5 {White's most ambitious and aggressive attempt.} Ba5 10. Bc4 (10. Be2 h6
11. Bxf6 Qxf6 12. Qd2 b6 13. O-O Bb7 14. a3 Bxc3 15. bxc3 Nc6 16. Rfd1 Na5 17.
Rab1 Be4 18. Rb2 Rad8 19. Ne1 Re5 20. f3 Bc6 21. e4 Ba4 22. Nc2 Re6 23. Ba6 Rb8
24. Qd3 b5 $17 {Beck,H-Dohr,A/AUT-chT/1997/}) 10... Bxc3+ 11. bxc3 Nc6 12. O-O
b6 ({It's more prudent to kick the pinning B at some moment:} 12... h6 $5 13.
Bh4 b6 14. Qc2 Na5 15. Bd3 Bb7 16. Rad1 Rc8 17. Bf5 (17. c4 $5 $14) 17... g5
18. Bg3 (18. Nxg5 hxg5 19. Bxg5 Re5 $13) 18... Nc4 19. Qe2 b5 20. Bd3 Bd5 21.
h4 Ne4 22. Bxe4 Bxe4 23. hxg5 hxg5 24. Nd2 Bd5 25. Rfe1 Qf6 $11 {Ionov,S-Bauer,
C/Wijk aan Zee B/1999/}) (12... Ne5 $143 $6 13. Nxe5 Rxe5 14. f4 Rxe3 15. Qd2
Re8 16. Rae1 Rb8 17. Rxe8+ Qxe8 18. Re1 Qf8 19. Re7 b5 20. Bxf7+ Qxf7 21. Rxf7
Kxf7 22. Bxf6 Kxf6 23. Qe3 Rb6 24. Qe5+ Kf7 {1-0,Farago,I-Kottke,M/Deizisau/
1999/}) 13. Qd3 $146 {[%csl Gd6] White has to connect his R and this is
stronger than 13.Qc2, as in Ionov-Bauer, as Pd6 remains protected.} (13. Re1 h6
14. Bh4 Bb7 15. e4 $6 g5 16. Nxg5 hxg5 17. Bxg5 Ne5 18. f4 Nxc4 19. e5 Re6 20.
exf6 Qe8 21. Bh4 Rxe1+ 22. Bxe1 Qe3+ 23. Bf2 Qxf4 24. Qh5 Re8 $19 {Matlak,
M-Zaichik,G/Moscow/1988/}) 13... Na5 (13... h6 14. Bh4 Na5 {leads to the same
position.}) 14. Bd5 Bb7 15. Bxb7 Nxb7 16. e4 h6 17. Bh4 Qb8 $2 {Inconsistent,
now White's attack will be too strong.} ({Black must prevent White from
supporting his d6 outpost, this was his last chance to play} 17... g5 $5 {[]}
18. Bxg5 $5 (18. Nxg5 hxg5 19. Bxg5 Nxd6 $142 $5 (19... Re5 20. f4 Rxg5 21.
fxg5 $18 {[%cal Rg5g6] /\g6->}) (19... Re6 20. Qf3 Kg7 (20... Nxd6 21. Rfe1 {
[%cal Re4e5] /\e5->}) 21. e5 Rxe5 22. Bxf6+ Qxf6 23. Qxb7 $16) 20. e5 (20. Qxd6
Nxe4 21. Bxd8 Nxd6 $15 {[%csl Ra2,Rc3] ׫}) 20... Rxe5 (20... Nde4 21. Bxf6
Nxf6 22. Qg3+ Kf8 23. exf6 Qxf6 24. Rad1 $36) 21. Bf4 Re6 22. Bxd6 (22. Qg3+
Kh7 23. Bxd6 Ne4 $132) 22... Ne4 23. Bf4 (23. Rae1 Nxd6 24. Rxe6 dxe6 25. Rd1
Qf6 $11) 23... Qf6 $13) 18... hxg5 19. Nxg5 $40 {/\f4,e5} Nh5 20. f4 Nxf4 21.
Rxf4 Qxg5 22. Qf3 $44) 18. e5 {[%csl Gd6][%mdl 128]} Nh7 19. Rae1 $16 {/+- Now
the e5,d6 pawn wedge cuts Black's position in two.} Re6 $6 {Loses further
tempi, the R is exposed here.} (19... f6 20. exf6 Qxd6 21. f7+ $18) (19... Nf8
$142 $5 20. Nd2 $16) 20. Nd2 Na5 (20... f6 21. f4 $40) 21. f4 Nc6 22. Nf3 {/\f5
} g6 23. g4 Re8 24. f5 $18 {White's attack flows smoothly.} g5 (24... Nf8 25.
Bf6 $18) 25. Bg3 Qb7 (25... f6 26. Qd5+ Kg7 27. h4 $18) 26. h4 gxh4 27. Bxh4
Kh8 (27... Nf8 28. Qd2 Kh7 29. Bf6 $18 {[%cal Rd2h6] /\Qh6!,Kg2}) 28. Qd2 (28.
Qd2 Kg7 (28... Rg8 29. Qxh6 Rxg4+ 30. Kf2 {/\Bf6,Rg1+-}) 29. Bf6+ Nxf6 30.
exf6+ Kh7 31. Kg2 Ne5 32. Qxh6+ $1 Kxh6 33. Rh1#) 1-0